[Event "Titled Tue 17th Jun Early"]
[Site "chess.com INT"]
[Date "2025.06.17"]
[Round "9"]
[White "Nakonechnyi, Oleksii"]
[Black "Alikulov, Elbek"]
[Result "1-0"]
[WhiteTitle "CM"]
[BlackTitle "IM"]
[WhiteElo "2222"]
[BlackElo "2305"]
[WhiteFideId "34173714"]
[BlackFideId "14203308"]
[EventDate "2025.06.17"]

1. e4 e6 2. d4 d5 3. Nd2 c5 4. Ngf3 cxd4 5. Nxd4 Nc6 6. Nxc6 bxc6 7. Bd3 Nf6 8.
O-O d4 9. Nc4 c5 10. Qf3 Bb7 11. Re1 Be7 12. Qg3 O-O 13. Bh6 g6 14. Bxf8 Bxf8
15. e5 Nd5 16. Be4 Rb8 17. Rad1 Ba6 18. Nd6 Rxb2 19. Bxd5 exd5 20. Qf4 Qd7 21.
Rb1 Rxc2 22. Rb8 Qe6 23. Qg5 f6 24. Qxf6 Qxf6 25. exf6 Re2 26. Reb1 Bb5 27. Nxb5
Re6 28. Nc7 Rxf6 29. Nxd5 Rf7 30. Rd8 c4 31. Kf1 c3 32. Rbb8 c2 33. Rbc8 d3 34.
Ne3 Rb7 35. Nxc2 dxc2 36. Rxc2 Kf7 37. Ke2 Bb4 38. Rdc8 Ba5 39. g3 Re7+ 40. Kf1
Rd7 41. Kg2 Bb6 42. R8c4 Re7 43. Rf4+ Kg7 44. f3 Rd7 45. Re4 Rf7 46. Re5 Rd7 47.
Rce2 Kh6 48. Re7 Rd3 49. h4 Ra3 50. g4 Be3 51. R2xe3 Rxa2+ 52. Kg3 Ra5 53. g5+
Rxg5+ 54. hxg5+ Kxg5 55. Rxh7 a5 56. Ra7 Kf6 57. Rxa5 Kg7 58. Ree5 Kh6 59. Reb5
Kh7 60. Kg4 Kh6 61. Rb6 Kh7 62. Kg5 Kg7 63. Ra7+ Kf8 64. Rb8# 1-0

[Event "Titled Tue 17th Jun Early"]
[Site "chess.com INT"]
[Date "2025.06.17"]
[Round "9"]
[White "Ersoz, Teoman Guney"]
[Black "Wahedi, Ahmad Siar"]
[Result "0-1"]
[WhiteTitle "CM"]
[BlackTitle "FM"]
[WhiteElo "2052"]
[BlackElo "2239"]
[WhiteFideId "44537050"]
[BlackFideId "4651260"]
[EventDate "2025.06.17"]

1. d4 e6 2. Nc3 c5 3. d5 Nf6 4. e4 exd5 5. exd5 d6 6. Bb5+ Nbd7 7. Nf3 Be7 8.
O-O O-O 9. Bd3 Re8 10. Re1 a6 11. a4 Bf8 12. Bf4 h6 13. Qd2 Rb8 14. Rxe8 Nxe8
15. Re1 Ndf6 16. Qe2 Bd7 17. h3 Nc7 18. Ne4 Bxa4 19. b3 Be8 20. c4 b5 21. Nh4
bxc4 22. bxc4 Nxe4 23. Qxe4 g6 24. Qe3 Qxh4 25. g3 Qxh3 26. Bf1 Qf5 27. Bxh6
Bxh6 28. Qxh6 Bd7 29. Bg2 Qf6 30. Qd2 Bf5 31. Qa5 Qd8 32. Qc3 Rb1 33. Bf3 Rxe1+
34. Qxe1 Kg7 35. Qa5 Qd7 36. Kg2 Ne8 37. Qc3+ Kg8 38. Qa5 Bg4 39. Be4 Bf5 40.
Bf3 Bh3+ 41. Kg1 Qf5 42. Qc3 Nf6 43. Qe3 Bg4 44. Bg2 Qb1+ 45. Kh2 Qf5 46. Kg1
Qe5 47. Qd2 Bf5 48. Qa5 Be4 49. Qxa6 Bxg2 50. Kxg2 Qe4+ 51. Kg1 Qe5 52. Qc8+ Kg7
53. Qd8 Ne4 54. Qh4 Nd2 55. Qh3 Nxc4 56. Qg2 Nd2 57. Kh2 Qe4 58. Qh3 Nf3+ 59.
Kh1 Ng5+ 60. Qg2 Qxg2+ 61. Kxg2 Ne4 62. f3 Nf6 63. f4 Nxd5 64. Kf3 f5 65. Ke2
Nf6 66. Kd3 Ne4 67. g4 Kf6 68. g5+ Ke6 69. Kc4 Kd7 70. Kd3 Kc6 71. Kc4 d5+ 72.
Kb3 d4 73. Kc2 Kd5 74. Kd3 c4+ 75. Kc2 d3+ 76. Kd1 Kd4 77. Kc1 c3 78. Kd1 Ke3
79. Ke1 d2+ 80. Kd1 Nf2+ 81. Kc2 d1=Q+ 82. Kxc3 Qd4+ 83. Kb3 Qc5 84. Kb2 Nd3+
85. Kb3 Kd2 86. Ka2 Qb6 87. Ka1 Qb2# 0-1

[Event "Titled Tue 17th Jun Early"]
[Site "chess.com INT"]
[Date "2025.06.17"]
[Round "9"]
[White "Rom, Jasper"]
[Black "Sailer, Mike"]
[Result "0-1"]
[WhiteElo "2163"]
[BlackElo "2108"]
[WhiteFideId "2023733"]
[BlackFideId "2012901"]
[EventDate "2025.06.17"]

1. e4 d5 2. exd5 Qxd5 3. Nc3 Qd6 4. Nf3 c6 5. Bc4 Nf6 6. d3 Bg4 7. h3 Bh5 8. Qe2
e6 9. Bd2 Nbd7 10. O-O-O Qc7 11. g4 Bg6 12. g5 Nd5 13. Bxd5 cxd5 14. Nxd5 Qc5
15. Nf4 Bd6 16. h4 O-O-O 17. Nxg6 hxg6 18. Bc3 Rh7 19. d4 Qd5 20. Ne5 Qxa2 21.
Qf3 Bxe5 22. dxe5 Qa1+ 23. Kd2 Nxe5+ 24. Ke3 Nc4+ 25. Ke2 Rxd1 26. Rxd1 Qa6 27.
Qd3 Nb6 28. Qxa6 bxa6 29. Rd4 Nd5 30. Bd2 Kc7 31. c4 Ne7 32. Bf4+ Kc8 33. Bg3
Nf5 34. Rf4 Rh8 35. b3 Rd8 36. Re4 Kb7 37. Ke1 Kc6 38. Be5 Kc5 39. Ke2 Kb4 40.
Bc7 Rd7 41. Bb8 Kxb3 42. c5 Rd8 43. Be5 Rc8 44. Bd6 Nxd6 45. cxd6 Rd8 46. Rf4
Rd7 47. Rd4 a5 48. Rf4 a4 49. Kd2 a3 50. Kc1 a2 51. Rf3+ Kb4 52. Kb2 Rxd6 53.
Kxa2 Rd7 54. Kb2 Kc4 55. Rf4+ Kd5 56. Ra4 Ke5 57. Kc3 Kf5 58. Kb3 e5 59. Kc3 e4
60. Kc2 Kf4 61. Rb4 Kf3 62. Rc4 Re7 0-1

[Event "Titled Tue 17th Jun Early"]
[Site "chess.com INT"]
[Date "2025.06.17"]
[Round "9"]
[White "Pham, Le Thao Nguyen"]
[Black "Yanev, Tihomir"]
[Result "0-1"]
[WhiteTitle "IM"]
[BlackTitle "IM"]
[WhiteElo "2357"]
[BlackElo "2354"]
[WhiteFideId "12401226"]
[BlackFideId "2910110"]
[EventDate "2025.06.17"]

1. d4 d5 2. Nf3 Nf6 3. c4 e6 4. Nc3 c6 5. Qb3 Bd6 6. Bg5 Nbd7 7. e3 h6 8. Bh4
O-O 9. Rd1 Qe7 10. Be2 dxc4 11. Qxc4 e5 12. O-O Nb6 13. Qb3 exd4 14. Nxd4 Bc7
15. Rfe1 Re8 16. Qc2 Qe5 17. Bg3 Qe7 18. Bh4 Qe5 19. Nf3 Bf5 20. Bd3 Bxd3 21.
Rxd3 Qf5 22. Red1 Qg6 23. Bg3 Bxg3 24. hxg3 Ng4 25. Qb3 Qh5 26. Qb4 Re6 27. Rd8+
Rxd8 28. Rxd8+ Kh7 29. Rd6 Rxd6 30. Qxd6 Qf5 31. e4 Qe6 32. Qf4 Nc4 33. Nd4 Qd7
34. Nf5 Nce5 35. f3 g5 36. Qc1 Nd3 37. Qd2 Nge5 38. Kh2 Qc7 39. Ne2 Qb6 40. Nc3
Qxb2 41. Qxb2 Nxb2 42. Nd6 Nbc4 43. Nxb7 Kg7 44. Nc5 Kf6 45. a4 Ke7 46. g4 Kd6
47. Nb7+ Kc7 48. Nc5 Kb6 49. Nb3 Na5 50. Nd4 Kc5 51. Nf5 Kb4 52. Ne2 Kxa4 53.
Nxh6 c5 54. f4 gxf4 55. Nxf4 c4 56. Nd5 Kb3 57. Nf5 c3 58. Nd4+ Kb2 59. Ne3 Nb3
60. Nec2 Nxd4 61. Nxd4 c2 62. Nxc2 Kxc2 63. g5 a5 64. Kg3 a4 65. Kf4 Nd7 66. e5
a3 67. e6 fxe6 68. g6 a2 69. g7 Nf6 70. Ke5 Ng8 71. Kxe6 a1=Q 72. Kf7 Qa2+ 73.
Kg6 Kd3 74. Kh7 Ke4 0-1

[Event "Titled Tue 17th Jun Early"]
[Site "chess.com INT"]
[Date "2025.06.17"]
[Round "9"]
[White "Pranav, V"]
[Black "Sorokin, Aleksey"]
[Result "1-0"]
[WhiteTitle "GM"]
[BlackTitle "GM"]
[WhiteElo "2595"]
[BlackElo "2530"]
[WhiteFideId "25060783"]
[BlackFideId "24176460"]
[EventDate "2025.06.17"]

1. e4 c5 2. Nf3 d6 3. Bb5+ Bd7 4. Bxd7+ Qxd7 5. O-O Nc6 6. c3 Nf6 7. Re1 e6 8.
d4 cxd4 9. cxd4 d5 10. e5 Ne4 11. a3 Be7 12. Nbd2 Nxd2 13. Bxd2 Rc8 14. Rc1 h6
15. Rc3 a6 16. h3 Na7 17. Rd3 Rc4 18. Nh2 Nb5 19. Be3 Qc6 20. Nf1 Rc2 21. Bc1
Qc4 22. b3 Rxc1 23. bxc4 Rxd1 24. Rdxd1 dxc4 25. a4 Nc7 26. Ne3 b5 27. axb5 axb5
28. d5 Nxd5 29. Nxd5 exd5 30. Rxd5 b4 31. e6 c3 32. Rb5 O-O 33. Rb7 Re8 34.
exf7+ Kxf7 35. Re4 Kf8 36. Rc4 Rd8 37. Kf1 Rd1+ 38. Ke2 Rd2+ 39. Ke1 Rd8 40.
Rcc7 Re8 41. Kd1 Kf7 42. Kc2 Kf6 43. Rc6+ Kf7 44. Rc4 Ke6 45. Re4+ Kf6 46. Rbxb4
Rd8 47. Rb6+ Kf7 48. Rb7 Re8 49. Kxc3 Kf8 50. Kd3 Rd8+ 51. Rd4 Re8 52. Rdd7 Bf6
53. Rd6 Kg8 54. Rdb6 Re1 55. Rb1 Re6 56. R7b6 Re7 57. Rb8+ Kh7 58. R8b4 Re6 59.
Re4 Rc6 60. Ke2 Rc2+ 61. Kf1 Rc3 62. Re2 Kg6 63. g3 Kf5 64. Kg2 Kg6 65. Rb5 Rc4
66. h4 Rc3 67. h5+ Kh7 68. Re8 1-0

[Event "Titled Tue 17th Jun Early"]
[Site "chess.com INT"]
[Date "2025.06.17"]
[Round "9"]
[White "Sanal, Vahap"]
[Black "Mayank, Chakraborty"]
[Result "1-0"]
[WhiteTitle "GM"]
[BlackTitle "IM"]
[WhiteElo "2564"]
[BlackElo "2457"]
[WhiteFideId "6300545"]
[BlackFideId "25659766"]
[EventDate "2025.06.17"]

1. e4 e5 2. Nf3 Nc6 3. Bc4 Nf6 4. d3 Bc5 5. O-O O-O 6. Nbd2 d6 7. c3 a5 8. a4 h6
9. h3 Ba7 10. Re1 Ne7 11. Nf1 Ng6 12. Be3 c6 13. Bxa7 Rxa7 14. d4 exd4 15. Qxd4
b6 16. Rad1 Rd7 17. Ng3 Bb7 18. Bb3 Re8 19. Bc2 Ne5 20. Nxe5 dxe5 21. Qe3 Qc7
22. Nf5 Kh7 23. Rxd7 Nxd7 24. Rd1 Nc5 25. Qg3 g6 26. Nd6 Re6 27. Nc4 Re7 28. b4
axb4 29. cxb4 Na6 30. Qc3 c5 31. b5 Nb4 32. Bb1 Rd7 33. Rxd7 Qxd7 34. Qd2 Qd4
35. Qxd4 exd4 36. Nxb6 d3 37. Nc4 Bxe4 38. a5 Bd5 39. Ne3 c4 40. Nxd5 Nxd5 41.
b6 Nb4 42. b7 d2 43. b8=Q d1=Q+ 44. Kh2 Qxb1 45. a6 c3 46. a7 Qa2 47. a8=Q Qxa8
48. Qxa8 c2 49. Qc8 Kg7 50. Qc3+ Kh7 51. Kg3 h5 52. h4 f5 53. f4 Kg8 54. Qc4+
Kg7 55. Kh2 Kh6 56. Kg1 Kg7 57. Kf1 Nd5 58. Ke2 Nxf4+ 59. Qxf4 Kf6 60. Qc1 Ke6
61. Qxc2 Kf6 62. Qd2 Ke6 63. Qg5 Kf7 64. Kf3 Ke6 65. Kf4 Kf7 66. Ke5 Kg7 67. Ke6 1-0

[Event "Titled Tue 17th Jun Early"]
[Site "chess.com INT"]
[Date "2025.06.17"]
[Round "9"]
[White "Terkiewicz, Bruno"]
[Black "Mekhitarian, Krikor Sevag"]
[Result "0-1"]
[WhiteTitle "CM"]
[BlackTitle "GM"]
[WhiteElo "2183"]
[BlackElo "2564"]
[WhiteFideId "21093245"]
[BlackFideId "2107660"]
[EventDate "2025.06.17"]

1. d4 Nf6 2. c4 g6 3. Nc3 d5 4. Bf4 Bg7 5. e3 c5 6. dxc5 Qa5 7. Qa4+ Qxa4 8.
Nxa4 Bd7 9. Nc3 Na6 10. cxd5 Nxc5 11. f3 O-O 12. e4 Rfc8 13. Nh3 Bxh3 14. gxh3
e6 15. dxe6 Nxe6 16. Be3 Nh5 17. Nd5 Kh8 18. Bd3 Bxb2 19. Rb1 Bd4 20. Kd2 b6 21.
Rhc1 Bxe3+ 22. Kxe3 Nc5 23. Be2 Kg7 24. f4 Nf6 25. Nxf6 Kxf6 26. e5+ Ke7 27. Bf3
Rab8 28. Rc4 Rc7 29. a4 Rd8 30. a5 Rb8 31. h4 Ne6 32. Rxc7+ Nxc7 33. axb6 Rxb6
34. Rc1 Ne6 35. Bd5 a6 36. h5 Rb5 37. Bxe6 Kxe6 38. Rc6+ Ke7 39. hxg6 hxg6 40.
Rxa6 Rb2 41. h4 Rh2 42. Ra7+ Kf8 43. e6 fxe6 44. Ke4 Rxh4 45. Ke5 Rg4 46. Ra8+
Kf7 47. Ra7+ Kg8 48. Rb7 Rh4 49. Rb6 Rh5+ 50. Kxe6 Rf5 51. Rb8+ Kg7 52. Rb7+ Kh6
53. Rb4 Kh5 54. Kd6 Kg4 55. Rb2 Rxf4 56. Ke6 g5 57. Ke5 Kh5 58. Rh2+ Kg6 59. Rg2
Rf8 60. Ke4 Kh5 61. Ke3 g4 62. Rh2+ Kg5 63. Rc2 Kh4 64. Rc3 Kg3 65. Ke4+ Kg2 66.
Rc2+ Kh3 67. Rc3+ g3 0-1

[Event "Titled Tue 17th Jun Early"]
[Site "chess.com INT"]
[Date "2025.06.17"]
[Round "9"]
[White "Brancaleoni, Maurizio"]
[Black "Beyer, Lorenz"]
[Result "1-0"]
[WhiteTitle "FM"]
[BlackTitle "CM"]
[WhiteElo "2185"]
[BlackElo "2226"]
[WhiteFideId "803022"]
[BlackFideId "16245393"]
[EventDate "2025.06.17"]

1. Nf3 Nf6 2. c4 e6 3. b3 d5 4. Bb2 Be7 5. g3 O-O 6. Bg2 a5 7. Nc3 c6 8. O-O b6
9. d4 Ba6 10. Nd2 dxc4 11. Nxc4 Qc7 12. Rc1 Nbd7 13. Qc2 a4 14. Rfd1 axb3 15.
axb3 Nd5 16. Ne4 Qb8 17. Ne5 Nxe5 18. dxe5 Nb4 19. Qd2 Rd8 20. Nd6 Nd5 21. Rxc6
Bxd6 22. Rxd6 Bb7 23. Rxd8+ Qxd8 24. e4 Ra2 25. exd5 exd5 26. Ra1 Qa8 27. Qc1
Rxa1 28. Qxa1 Qc8 29. h4 Qc2 30. Qc1 Qxb3 31. Qc7 h6 32. Qxb7 Qxb2 33. Bxd5 Qxe5
34. Qxf7+ Kh7 35. h5 Qb8 36. Kg2 b5 37. Bb3 b4 38. Qg6+ Kh8 39. Qe6 Qa8+ 40. Qd5
Qb8 41. Qc4 Qb7+ 42. Kg1 Qb8 43. Kh2 Qf8 44. Kg2 Qa8+ 45. f3 Qe8 46. Qe6 Qb8 47.
g4 Qd8 48. Qd5 Qe8 49. Qd3 Qc8 50. Bc2 Kg8 51. Qh7+ Kf8 52. Qh8+ Ke7 53. Qxc8 b3
54. Qc7+ Kf6 55. Qc6+ Ke5 56. Bxb3 g5 57. Bc2 Kf4 58. Qc7+ Ke3 59. Qc8 Kd2 60.
Qc7 Kc1 61. Qd8 Kb2 62. Qe7 Kc1 63. Qg7 Kd2 64. Qxh6 Ke1 65. Qxg5 Ke2 66. Qh6
Ke1 67. Bd3 Kd1 68. g5 Ke1 69. Qg6 Kd1 70. h6 Kd2 71. h7 Ke1 72. h8=Q Kd2 73.
Qb2+ Ke1 74. Qe4+ Kd1 75. Qb1+ Kd2 76. Qee1# 1-0

[Event "Titled Tue 17th Jun Early"]
[Site "chess.com INT"]
[Date "2025.06.17"]
[Round "9"]
[White "Purtseladze, Maka"]
[Black "Demchenko, Yaroslav"]
[Result "1-0"]
[WhiteTitle "IM"]
[BlackTitle "CM"]
[WhiteElo "2261"]
[BlackElo "2263"]
[WhiteFideId "13602659"]
[BlackFideId "14186667"]
[EventDate "2025.06.17"]

1. d4 e6 2. c4 d5 3. Nf3 a6 4. Nc3 dxc4 5. a4 Nc6 6. e3 Na5 7. Ne5 c5 8. Nxc4
Nxc4 9. Bxc4 cxd4 10. exd4 Nf6 11. O-O Bb4 12. Qb3 Bxc3 13. bxc3 O-O 14. Bg5 Bd7
15. a5 Bc6 16. Rfe1 Rc8 17. Re3 Kh8 18. Rh3 Qd6 19. Bxf6 gxf6 20. Qc2 f5 21. Qe2
Rg8 22. Rg3 f4 23. Rxg8+ Rxg8 24. f3 Rg5 25. Bd3 e5 26. Be4 exd4 27. Rd1 Bb5 28.
Qd2 d3 29. Bxd3 Rd5 30. c4 Qc5+ 31. Kh1 Bxc4 32. Qc3+ Qd4 33. Qxd4+ Rxd4 34. Bc2
Rxd1+ 35. Bxd1 Kg7 36. Kg1 Kf6 37. Kf2 Ke5 38. Ke1 Kd4 39. Kd2 h6 40. g3 fxg3
41. hxg3 Bd5 42. f4 f6 43. Be2 Be4 44. Bf1 Bd5 45. Be2 Bc6 46. Bf1 Bb5 47. Bg2
Bc6 48. Bf1 Kc5 49. Kc3 Bd5 50. Be2 Be4 51. Bf1 Kd5 52. Bc4+ Kd6 53. Kb4 Bc6 54.
Bd3 Ke6 55. Kc5 Bf3 56. Kb6 Kd6 57. Bc4 Bc6 58. Bd3 Kd5 59. Bf1 Kd4 60. Bxa6
bxa6 61. Kxc6 Ke4 62. Kb6 Kf3 63. Kxa6 Kxg3 64. Kb7 h5 65. a6 h4 66. a7 h3 67.
a8=Q h2 68. Kc7 Kxf4 69. Qh1 Kg3 70. Kd6 f5 71. Ke5 f4 72. Ke4 Kh3 73. Kf3 Kh4
74. Qxh2+ Kg5 75. Qxf4+ Kg6 76. Qg4+ Kh6 77. Kf4 Kh7 78. Kf5 Kh8 79. Kf6 Kh7 80.
Qg7# 1-0

[Event "Titled Tue 17th Jun Early"]
[Site "chess.com INT"]
[Date "2025.06.17"]
[Round "9"]
[White "Drygalov, Andrey"]
[Black "Csonka, Balazs"]
[Result "0-1"]
[WhiteTitle "GM"]
[BlackTitle "IM"]
[WhiteElo "2431"]
[BlackElo "2467"]
[WhiteFideId "24171735"]
[BlackFideId "742910"]
[EventDate "2025.06.17"]

1. e4 e5 2. Nf3 Nf6 3. Nxe5 Nxe4 4. Qe2 Qe7 5. Qxe4 d6 6. d4 dxe5 7. dxe5 Nc6 8.
Nc3 Qxe5 9. Qxe5+ Nxe5 10. Nb5 Bb4+ 11. c3 Ba5 12. Bf4 f6 13. O-O-O Bd7 14. Be2
Bb6 15. Bg3 O-O-O 16. Rhe1 a6 17. Nd4 Rhe8 18. Bf1 Nc6 19. Nf3 Rxe1 20. Rxe1 Re8
21. Rxe8+ Bxe8 22. Bd3 g6 23. Kd2 Bf7 24. b3 Kd7 25. Be4 a5 26. Bh4 Ke6 27. c4
a4 28. Bd5+ Ke7 29. Bxc6 axb3 30. axb3 bxc6 31. Ne5 g5 32. Nxf7 gxh4 33. Nh6 Ke6
34. Ng4 f5 35. Ne3 f4 36. Nd1 Kf5 37. f3 Bd4 38. b4 Ke5 39. Kd3 h3 40. gxh3 Bg1
41. Nc3 Bxh2 42. Ne4 Bg1 43. Ng5 h5 44. Nf7+ Ke6 45. Nd8+ Kd7 46. Nb7 Kc8 47.
Na5 Kd7 48. Ke4 Be3 49. Nb3 Ke6 50. Nc5+ Kd6 51. Nd3 Kd7 52. Nxf4 Bd2 53. Nd3
Ke6 54. Nc5+ Kf6 55. Nd3 Ke6 56. Ne5 Bxb4 57. Nxc6 Bd2 58. Nd4+ Kf6 59. f4 Be1
60. Nf3 Bb4 61. Ne5 Bd6 62. Nd3 Ke6 63. c5 Be7 64. f5+ Kf6 65. Nf4 Kg5 66. Ne6+
Kf6 67. c6 Bd6 68. Nd4 Be5 69. Nb5 Bh2 70. Nc3 Bg3 71. Nd5+ Kg5 72. Kf3 Bd6 73.
Ke4 Bh2 0-1

[Event "Titled Tue 17th Jun Early"]
[Site "chess.com INT"]
[Date "2025.06.17"]
[Round "9"]
[White "Sarana, Alexey"]
[Black "Stribuk, Artiom"]
[Result "1-0"]
[WhiteTitle "GM"]
[BlackTitle "IM"]
[WhiteElo "2686"]
[BlackElo "2460"]
[WhiteFideId "24133795"]
[BlackFideId "13515659"]
[EventDate "2025.06.17"]

1. d4 Nf6 2. c4 g6 3. Nc3 d5 4. Nf3 Bg7 5. e3 O-O 6. cxd5 Nxd5 7. Be2 c5 8. Qb3
Nxc3 9. bxc3 Nc6 10. O-O b6 11. Ba3 Na5 12. Qb1 Bf5 13. e4 Bg4 14. Rd1 Qc7 15.
h3 Bxf3 16. Bxf3 Nc4 17. Bc1 Rad8 18. Be3 Nxe3 19. fxe3 e6 20. Qd3 e5 21. d5 c4
22. Qe2 Rfe8 23. Rab1 Bf8 24. Kh1 a6 25. a4 Rb8 26. Rb2 b5 27. axb5 axb5 28.
Rdb1 Qc5 29. Bg4 Red8 30. Rf1 Qa3 31. Qf2 Qa7 32. Ra2 Qc7 33. Ra6 Rd6 34. Rc6
Rxc6 35. dxc6 Bc5 36. Bd7 Rf8 37. Qb2 Qb6 38. Rb1 Rb8 39. Qxb5 Qxb5 40. Rxb5 Bd6
41. Ra5 Rb3 42. Ra7 Rxc3 43. c7 Bxc7 44. Rxc7 Rxe3 45. Bc6 f5 46. Bd5+ Kf8 47.
exf5 gxf5 48. Rxc4 Ke7 49. Rc6 h5 50. Rh6 Rd3 51. Bf3 e4 52. Bxh5 f4 53. Kg1 Ra3
54. Bg4 Ra1+ 55. Kh2 Kf7 56. Rh5 Kg6 57. Re5 e3 58. Bf3 Kf6 59. Re8 Kf5 60. h4
Ra7 61. h5 Kg5 62. Re5+ Kf6 63. Re4 Kf5 64. Re8 Rc7 65. Kh3 Rc1 66. g4+ fxg3 67.
Kxg3 Kg5 68. Re5+ Kf6 69. Rxe3 Kg7 70. Re6 Rc8 71. Kh4 Kh8 72. Be4 Rb8 73. Kg5
Rc8 74. Kh6 Rf8 75. Bg6 Ra8 76. Re7 Kg8 77. Rc7 Rb8 78. Rg7+ Kf8 79. Rh7 Rb2 80.
Rh8+ Ke7 81. Kg7 1-0

[Event "Titled Tue 17th Jun Early"]
[Site "chess.com INT"]
[Date "2025.06.17"]
[Round "9"]
[White "Deveci, Huseyin Said"]
[Black "Aranda, Juan Manuel"]
[Result "1-0"]
[WhiteTitle "CM"]
[BlackTitle "CM"]
[WhiteElo "2212"]
[BlackElo "2134"]
[WhiteFideId "26322455"]
[BlackFideId "160458"]
[EventDate "2025.06.17"]

1. c4 d6 2. g3 g6 3. Bg2 Bg7 4. h4 h5 5. Nc3 Nf6 6. d4 O-O 7. Nf3 c5 8. Bg5 Nc6
9. d5 Na5 10. Nd2 a6 11. O-O Bd7 12. a4 Qc8 13. Kh2 Ng4+ 14. Kg1 Nf6 15. Rc1 Bh3
16. Qc2 Rb8 17. Nce4 Bxg2 18. Kxg2 Nxe4 19. Nxe4 Qd7 20. Ra1 Rfe8 21. Bd2 b6 22.
Bc3 Qf5 23. Bxg7 Kxg7 24. Qc3+ Qe5 25. Rfc1 Nb7 26. Qxe5+ dxe5 27. Rcb1 Nd6 28.
Nxd6 exd6 29. b4 cxb4 30. Rxb4 Rec8 31. Rab1 a5 32. Rxb6 Rxb6 33. Rxb6 Rxc4 34.
Rxd6 Rxa4 35. Ra6 e4 36. f3 e3 37. f4 Ra3 38. Kf3 a4 39. d6 Kf6 40. Ra7 Ke6 41.
d7 Ke7 42. d8=Q+ Kxd8 43. Rxf7 Rb3 44. Rg7 Rb6 45. Ra7 Rb4 46. Kxe3 Rb3+ 47. Kf2
a3 48. Ra6 Ke7 49. Rxg6 a2 50. Ra6 Rb2 51. f5 Kd7 52. Kf3 Ke7 53. Kf2 Kf7 54.
Kf3 Kg7 55. e3 Kf7 56. Kf4 Rf2+ 57. Kg5 Rg2 58. Kxh5 Rxg3 59. Rxa2 Rxe3 60. Kg5
Rg3+ 61. Kf4 Rh3 62. Ra7+ Kf6 63. Kg4 Rh1 64. Ra6+ Ke5 65. Re6+ Kd5 66. Re8 Rg1+
67. Kf4 Rh1 68. Kg5 Rg1+ 69. Kf6 Rh1 70. Rh8 Ke4 71. Ke6 1-0

[Event "Titled Tue 17th Jun Early"]
[Site "chess.com INT"]
[Date "2025.06.17"]
[Round "9"]
[White "Anakok, Deniz"]
[Black "Tulendinov, Dinmukhammed"]
[Result "0-1"]
[WhiteTitle "CM"]
[BlackTitle "FM"]
[WhiteElo "2058"]
[BlackElo "2104"]
[WhiteFideId "51603586"]
[BlackFideId "13730860"]
[EventDate "2025.06.17"]

1. e4 c5 2. Nf3 e6 3. d4 cxd4 4. Nxd4 Nc6 5. Nc3 Qc7 6. g3 a6 7. Bg2 Nf6 8. O-O
Be7 9. Be3 Ne5 10. h3 O-O 11. Qe2 d6 12. Rfe1 Bd7 13. f4 Nc4 14. Bc1 Rac8 15.
Kh1 Rfd8 16. g4 Be8 17. g5 Nd7 18. f5 Nf8 19. Qg4 Ne5 20. Qf4 Ned7 21. Qg4 Ne5
22. Qf4 Ned7 23. Qf2 Qb6 24. Qg1 Kh8 25. Rf1 Rc4 26. Nb3 Qxg1+ 27. Kxg1 Rdc8 28.
Be3 b5 29. a3 Ne5 30. Rad1 R4c7 31. f6 gxf6 32. gxf6 Bd8 33. Rxd6 Nc4 34. Rd3
Nxe3 35. Rxe3 Rd7 36. Rd3 Bb6+ 37. Kh1 Rcd8 38. Rfd1 Rxd3 39. Rxd3 Rxd3 40. cxd3
Nd7 41. Bf3 Nxf6 42. e5 Nd7 43. d4 Kg8 44. Ne4 Kf8 45. Nd6 Bc7 46. Nb7 Ke7 47.
N7c5 Nb8 48. Kg2 a5 49. Nd2 a4 50. Nde4 Nc6 51. Nf6 Nxd4 52. Nxe8 Kxe8 53. Be4
Bxe5 54. Bxh7 Ke7 55. Nd3 Bg7 56. Be4 f5 57. Bb7 Kd6 58. h4 e5 59. Bc8 e4 60.
Nb4 f4 61. Bb7 f3+ 62. Kf2 Ke5 63. Nc6+ Nxc6 64. Bxc6 Bf8 65. Bxb5 Kf4 66. Bc4
Bc5+ 67. Kf1 e3 68. h5 Bd4 69. Bd3 Bxb2 70. Bb5 Bxa3 71. Bxa4 e2+ 72. Kf2 Bc5+
73. Ke1 Ke3 74. Bd1 f2# 0-1

[Event "Titled Tue 17th Jun Early"]
[Site "chess.com INT"]
[Date "2025.06.17"]
[Round "9"]
[White "Yonal, Timur"]
[Black "Begunov, Konstantin"]
[Result "0-1"]
[WhiteTitle "FM"]
[BlackTitle "FM"]
[WhiteElo "2170"]
[BlackElo "2325"]
[WhiteFideId "44115725"]
[BlackFideId "4118510"]
[EventDate "2025.06.17"]

1. d4 d5 2. Nf3 c6 3. c4 Nf6 4. g3 Bf5 5. Bg2 e6 6. O-O Nbd7 7. Nc3 Bd6 8. b3
O-O 9. Re1 Ne4 10. Nxe4 Bxe4 11. Nd2 Bxg2 12. Kxg2 Bb4 13. a3 Bc3 14. Rb1 Bxd4
15. Nf3 Bc3 16. Bd2 Bxd2 17. Qxd2 dxc4 18. bxc4 Nc5 19. Qe3 Qe7 20. Red1 Rfd8
21. Ne5 f6 22. Nd3 Nxd3 23. exd3 Rd7 24. d4 Rad8 25. d5 exd5 26. Qxe7 Rxe7 27.
cxd5 Rxd5 28. Rxd5 cxd5 29. Rb5 Rd7 30. Kf3 Kf7 31. Ke3 Ke6 32. Kd4 b6 33. f3 g5
34. h3 h5 35. Rb2 Rc7 36. Re2+ Kd6 37. Re8 Rc4+ 38. Kd3 Ra4 39. Rd8+ Ke6 40.
Re8+ Kd7 41. Rf8 Rxa3+ 42. Ke2 Ke7 43. Rc8 h4 44. gxh4 gxh4 45. Rh8 Ra4 46. f4
Rxf4 47. Rh7+ Kd6 48. Rxa7 d4 49. Rb7 Kc6 50. Rb8 Re4+ 51. Kd3 Re3+ 52. Kxd4
Rxh3 53. Rf8 Rf3 54. Ke4 Rf1 55. Rh8 Kc5 56. Rxh4 b5 57. Kd3 Rf3+ 58. Kc2 f5 59.
Rh8 Kd4 60. Rb8 Kc4 61. Rc8+ Kb4 62. Rf8 Rf4 63. Rb8 Rc4+ 64. Kd3 f4 65. Rb7 f3
66. Rf7 Kb3 67. Kd2 Rc3 68. Rf4 b4 69. Kd1 Ka3 70. Kd2 Rb3 71. Kc1 Re3 72. Kd2
Rc3 73. Kd1 b3 74. Kd2 Kb2 75. Kd1 Rd3+ 76. Ke1 Kc2 77. Rb4 b2 78. Kf2 b1=Q 79.
Rb2+ 0-1

[Event "Titled Tue 17th Jun Early"]
[Site "chess.com INT"]
[Date "2025.06.17"]
[Round "9"]
[White "Panda, Sambit"]
[Black "Rustemov, Alexander"]
[Result "1/2-1/2"]
[WhiteTitle "IM"]
[BlackTitle "GM"]
[WhiteElo "2379"]
[BlackElo "2525"]
[WhiteFideId "25091794"]
[BlackFideId "4119002"]
[EventDate "2025.06.17"]

1. d4 d5 2. Nf3 Nf6 3. e3 c5 4. Be2 Nc6 5. dxc5 e5 6. b4 e4 7. Nd4 Nxb4 8. Nb3
Be7 9. O-O O-O 10. Nc3 Be6 11. Nb5 a6 12. N5d4 Nc6 13. Nxe6 fxe6 14. c4 Qc7 15.
Bb2 Rfd8 16. Bg4 Kf7 17. cxd5 exd5 18. f3 Kg8 19. Be6+ Kh8 20. f4 d4 21. exd4 b6
22. d5 bxc5 23. Rc1 Qb6 24. Kh1 Nb4 25. Rc4 Nbxd5 26. Bxd5 Rxd5 27. Qe2 Rad8 28.
g4 Qe6 29. g5 Qg4 30. Qxg4 Nxg4 31. Rxe4 Bf8 32. h3 Rd1 33. Rxd1 Rxd1+ 34. Kg2
Rb1 35. Bc1 c4 36. Rxc4 Nf6 37. gxf6 gxf6 38. Rc8 Kg7 39. Nd4 Kg6 40. f5+ Kg7
41. Rc7+ Kg8 42. Rc8 Kf7 43. Rc7+ Ke8 44. Ne6 Bd6 45. Rc6 Kd7 46. Rc2 Be5 47.
Bf4 Ra1 48. Bxe5 fxe5 49. Kf3 Ke7 50. Ke4 Kf6 51. Rc6 Re1+ 52. Kd5 Kxf5 53. Ng7+
Kf4 54. Nh5+ Kg5 55. Nf6 Kf5 56. Nd7 Rd1+ 57. Kc5 e4 58. Rf6+ Kg5 59. Rd6 Rxd6
60. Kxd6 e3 61. Nc5 e2 62. Nd3 Kh4 63. Ke5 Kxh3 64. Nf4+ Kg4 65. Nxe2 h5 66. Ke4
h4 67. Nf4 a5 68. a4 h3 69. Nd3 Kg3 70. Ke3 h2 71. Nf2 Kg2 72. Nh1 Kxh1 73. Kf2 1/2-1/2